000 00231nam a22000857a 4500
008 161206b xxu||||| |||| 00| 0 eng d
100 _91875
_aSharma. R. K
245 _aAbc of Science and Technology
260 _aNew delhi
_bHoly faith
_c2006
999 _c4625
_d4625